000
00339nam a2200145Ia 4500
003
OSt
008
191201s2019 xx 000 0 und d
082
_a
005.8 BOI
100
_a
BOSE, Ranjan
245
0
_a
Information Theory Coding and Cryptography
260
_a
N. Delhi
_b
TMH
300
_a
463
650
_a
B.Tech (ECE)
942
_2
ddc
_c
BK
999
_c
6677
_d
6677